000 00292nam a22001337a 4500
008 210226b ||||| |||| 00| 0 eng d
020 _a0669633623
041 _aeng
080 _24th
_a541
100 _a12
101 _aKIM
245 _aGeneral Chemistry
_cNebergall,H.W
942 _2udc
_cBK
999 _c55272
_d55272